Visualizzazione normale
Vista MARC
- Lavanco G., Croce M., Guerreschi C., Sforza M.G., Carlevaro T., Capitanucci D.
di Personal Name
Records bibliografici associati: 1
001 - CONTROL NUMBER
- control field: 60375
003 - CONTROL NUMBER IDENTIFIER
- control field:
005 - DATE AND TIME OF LATEST TRANSACTION
- control field: 20231129123349.0
008 - FIXED-LENGTH DATA ELEMENTS
- fixed length control field: 231129|| aca||aabn | a|a d
040 ## - CATALOGING SOURCE
- Original cataloging agency:
- Transcribing agency:
100 ## - HEADING--PERSONAL NAME
- Personal name: Lavanco G., Croce M., Guerreschi C., Sforza M.G., Carlevaro T., Capitanucci D.
- Dates associated with a name: Zerbetto R., Eurispes, Eurisko, Bianchini D., Monastra G., Galli A., Gatti C....
670 ## - SOURCE DATA FOUND
- Source citation: Work cat.: ()208545: Belletti Francesco (et al.) 56630, Gioco d'azzardo e famiglia, 2002